Un amore difficile : ovvero le confessioni di un giovane gay /

Guardat en:
Dades bibliogràfiques
Autor principal: Paolicchi, Augusto
Altres autors: Fantacci, Maria
Format: Llibre
Idioma:anglès
Publicat: [S.l.] La Valletta editrice ([ Pisa Tip. Intergraphica ]) stampa 2001
Etiquetes: Afegir etiqueta
Sense etiquetes, Sigues el primer a etiquetar aquest registre!

MARC

LEADER 00000nam a2200000 4500
001 CDOM0000003766
003 mi
005 20251001155525.0
008 251001b |||||||| |||| 00| 0 eng d
040 |c mi 
100 |a Paolicchi, Augusto 
245 1 |a Un amore difficile :  |b ovvero le confessioni di un giovane gay /  |c Augusto Paolicchi ; prefazione di Maria Fantacci 
260 |a [S.l.]  |b La Valletta editrice  |c stampa 2001   |b ([ Pisa Tip. Intergraphica ]) 
300 |a 125 p.  |c 18 cm. 
700 |a Fantacci, Maria 
942 |2 ddc  |c BK 
952 |0 0  |1 0  |2 ddc  |4 0  |6 B_LNR02PAOAUAMO11  |7 0  |9 6981  |a MI  |b MI  |d 2009-08-28  |i 5484  |l 0  |o B-LNR02-PAOAU-AMO11  |p CDOM5484  |r 2025-07-13 16:28:00  |w 2025-07-13  |x DONO  |y BK 
952 |0 0  |1 0  |2 ddc  |4 0  |6 B_LNR02PAOAUAMO12  |7 0  |9 6982  |a MI  |b MI  |d 2009-08-28  |i 5485  |l 0  |o B-LNR02-PAOAU-AMO12  |p CDOM5485  |r 2025-07-13 16:28:00  |w 2025-07-13  |x DONO  |y BK 
952 |0 0  |1 0  |2 ddc  |4 0  |6 B_LNR02PAOAUAMO13  |7 0  |9 6983  |a MI  |b MI  |d 2009-09-16  |i 5627  |l 0  |o B-LNR02-PAOAU-AMO13  |p CDOM5627  |r 2025-07-13 16:28:00  |w 2025-07-13  |x DONO  |y BK 
999 |c 5700  |d 5700